[Event "Olomouc Chess Summer 2012 - Valoz Cup"]
[Site "Olomouc (CZE), Hotel Flora"]
[Date "2012.08.03"]
[Round "3.1"]
[White "Duda, Jan-Krzysztof"]
[Black "Givon, Asaf"]
[Result "1-0"]
[WhiteElo "2411"]
[BlackElo "2340"]
[PlyCount "81"]
[EventDate "2012.08.01"]

1. e4 c5 2. Nf3 d6 3. d4 cxd4 4. Nxd4 Nf6 5. Nc3 a6 6. Be2 e5 7. Nb3 Be7 8. Be3
Be6 9. Nd5 Nbd7 10. f3 Bxd5 11. exd5 a5 12. c4 a4 13. Nd2 Qa5 14. O-O Bd8 15.
c5 b5 16. c6 Nb8 17. b4 Qa6 18. Ne4 Nxe4 19. fxe4 Bb6 20. Qd3 Qa7 21. Bxb6
Qxb6+ 22. Kh1 Na6 23. Qxb5 Qxb5 24. Bxb5 Nc7 25. Bc4 Rb8 26. Rab1 Na8 27. Kg1
Rf8 28. Rf3 Kd8 29. Kf2 Rc8 30. Ba6 Rc7 31. Ke3 Re7 32. Rbf1 Nb6 33. Kd2 Rc7
34. Kc3 Re7 35. g4 h6 36. Rh3 Rg8 37. b5 Kc7 38. Kb4 f6 39. Ra3 Rh8 40. Bb7 Rg8
41. Rxa4 1-0

[Event "Olomouc Chess Summer 2012 - Valoz Cup"]
[Site "Olomouc (CZE), Hotel Flora"]
[Date "2012.08.03"]
[Round "3.3"]
[White "Krejci, Jan"]
[Black "Steinberg, Nitzan"]
[Result "1-0"]
[WhiteElo "2503"]
[BlackElo "2343"]
[PlyCount "77"]
[EventDate "2012.08.01"]

1. c4 e6 2. Nc3 d5 3. d4 Nf6 4. cxd5 exd5 5. Bg5 Be7 6. e3 b6 7. Bb5+ c6 8. Bd3
O-O 9. Nf3 Bb7 10. O-O c5 11. Rc1 Ne4 12. Bxe7 Qxe7 13. dxc5 bxc5 14. Bb1 Rd8
15. Qb3 Na6 16. Rfd1 Rab8 17. Qa4 Nf6 18. Qh4 h6 19. b3 Bc6 20. Qg3 Rb4 21. Ne5
Bb7 22. f4 d4 23. Na4 Ne4 24. Qe1 f6 25. Nf3 f5 26. exd4 cxd4 27. Bd3 Kh7 28.
Ne5 Rxa4 29. bxa4 Nac5 30. Qb4 a5 31. Qxa5 Rd5 32. Qb4 Rxe5 33. fxe5 Qg5 34.
Qxd4 Ne6 35. Qb6 Nf4 36. Rc2 Qg4 37. Rf1 Bd5 38. Qe3 Ng5 39. Rxf4 1-0

[Event "Olomouc Chess Summer 2012 - Valoz Cup"]
[Site "Olomouc (CZE), Hotel Flora"]
[Date "2012.08.03"]
[Round "3.4"]
[White "Ben Artzi, Ido"]
[Black "Simantsev, Mikhail"]
[Result "1/2-1/2"]
[WhiteElo "2268"]
[BlackElo "2526"]
[PlyCount "73"]
[EventDate "2012.08.01"]

1. d4 Nf6 2. c4 e6 3. Nc3 Bb4 4. e3 c5 5. Bd3 O-O 6. Nf3 d5 7. O-O cxd4 8. exd4
dxc4 9. Bxc4 b6 10. Bg5 Bb7 11. Qe2 Nbd7 12. Rac1 Rc8 13. Ne5 Be7 14. Rfd1 Ne4
15. Nxf7 Rxf7 16. Bxe7 Nxc3 17. Qxe6 Qe8 18. Rxc3 Rxc4 19. Qxc4 Qxe7 20. d5 Ne5
21. Qd4 Qd6 22. Re3 Re7 23. h4 Ng6 24. h5 Rxe3 25. Qxe3 Nf8 26. f4 Kf7 27. Qe4
h6 28. Qf5+ Kg8 29. Qe5 Qc5+ 30. Kh2 Qc2 31. Re1 Qd2 32. a3 Bxd5 33. Re2 Qd1
34. Re1 Qd2 35. Re2 Qd1 36. Re1 Qd2 37. Re2 1/2-1/2

[Event "Olomouc Chess Summer 2012 - Prima Pack C"]
[Site "Olomouc (CZE), Hotel Flora"]
[Date "2012.08.03"]
[Round "3.1"]
[White "Obsivac, Josef"]
[Black "Ptacnikova, Lenka"]
[Result "1/2-1/2"]
[WhiteElo "2280"]
[BlackElo "2281"]
[PlyCount "147"]
[EventDate "2012.08.01"]

1. d4 Nf6 2. c4 e6 3. Nf3 d5 4. Nc3 Be7 5. Bg5 O-O 6. e3 h6 7. Bh4 Nbd7 8. Rc1
b6 9. cxd5 exd5 10. Bd3 Bb7 11. O-O c5 12. Qe2 Re8 13. Ba6 Qc8 14. Bxb7 Qxb7
15. dxc5 bxc5 16. Rfd1 Nb6 17. Qb5 Rab8 18. Bg3 a6 19. Qb3 c4 20. Qc2 Rbc8 21.
Nd4 g6 22. h3 Nbd7 23. Nde2 Nc5 24. Nf4 Nce4 25. Nfxd5 Nxg3 26. fxg3 Nxd5 27.
Nxd5 Bg5 28. Qc3 Rc5 29. Nf6+ Bxf6 30. Qxf6 Rce5 31. Rxc4 Qxb2 32. Re4 Qb5 33.
Rd7 Qxd7 34. Rxe5 Rxe5 35. Qxe5 Qd1+ 36. Kh2 h5 37. Qe8+ Kg7 38. Qe5+ Kg8 39.
Qe4 Qe2 40. a4 Qf1 41. Qd5 Qe2 42. Qd4 Kh7 43. Qd5 Kg7 44. Qg5 Qc4 45. Qe5+ Kg8
46. Qd4 Qe2 47. g4 hxg4 48. hxg4 Qe1 49. Kh3 a5 50. Qf4 Kg7 51. g5 Qh1+ 52. Kg3
Qe1+ 53. Kf3 Qf1+ 54. Kg3 Qe1+ 55. Qf2 Qb4 56. Qf6+ Kg8 57. Qd4 Qe1+ 58. Kh2
Kh7 59. Qe4 Kg8 60. Qf4 Kg7 61. e4 Qb4 62. Qe5+ Kf8 63. Qh8+ Ke7 64. Qf6+ Kf8
65. Qc6 Qe1 66. Qd6+ Kg8 67. Qb8+ Kg7 68. Qg3 Qb4 69. Qe5+ Kf8 70. Qh8+ Ke7 71.
Qf6+ Kf8 72. Qc6 Qe1 73. Qd6+ Kg8 74. Qf4 1/2-1/2

[Event "Olomouc Chess Summer 2012 - Prima Pack C"]
[Site "Olomouc (CZE), Hotel Flora"]
[Date "2012.08.03"]
[Round "3.5"]
[White "Bjerke, Silje"]
[Black "Saduakassova, Dinara"]
[Result "1/2-1/2"]
[WhiteElo "2235"]
[BlackElo "2216"]
[PlyCount "39"]
[EventDate "2012.08.01"]

1. e4 c5 2. Nf3 d6 3. d4 cxd4 4. Nxd4 Nf6 5. Nc3 a6 6. Bc4 e6 7. O-O b5 8. Bb3
Be7 9. Qf3 Qc7 10. Qg3 Nc6 11. Nxc6 Qxc6 12. Re1 Bb7 13. a3 O-O 14. Bh6 Ne8 15.
Rad1 Kh8 16. Bg5 Bxg5 17. Qxg5 Nf6 18. f3 Rfd8 19. Qd2 Rd7 20. Re3 1/2-1/2

[Event "Olomouc Chess Summer 2012 - Open Olomouc"]
[Site "Olomouc (CZE), Hotel Flora"]
[Date "2012.08.03"]
[Round "2.2"]
[White "Plat, Vojtech"]
[Black "Woellermann, Jan"]
[Result "1-0"]
[WhiteElo "2480"]
[BlackElo "2124"]
[PlyCount "73"]
[EventDate "2012.08.02"]

1. e4 c5 2. Nf3 Nc6 3. Bc4 e6 4. Qe2 a6 5. a4 Nge7 6. Nc3 Nd4 7. Nxd4 cxd4 8.
Nb1 d5 9. Bd3 dxe4 10. Bxe4 Ng6 11. d3 Bd6 12. g3 f5 13. Bg2 O-O 14. O-O Rb8
15. Nd2 b5 16. Nf3 e5 17. Ng5 Ne7 18. f4 e4 19. dxe4 h6 20. Nf3 Bc5 21. Kh1
fxe4 22. Qxe4 Bf5 23. Qe2 Qd6 24. Ne5 Nd5 25. axb5 axb5 26. c3 d3 27. Qd1 Nf6
28. g4 Nxg4 29. Nxg4 Bxg4 30. Qxg4 d2 31. Bxd2 Qxd2 32. Rad1 Qxb2 33. Be4 Rb6
34. Qd7 Be3 35. Qd3 Bxf4 36. Qd5+ Rf7 37. Rxf4 1-0

[Event "Olomouc Chess Summer 2012 - Open Olomouc"]
[Site "Olomouc (CZE), Hotel Flora"]
[Date "2012.08.03"]
[Round "2.4"]
[White "Kanovsky, David"]
[Black "De Andres Gonalons, Fernando"]
[Result "1-0"]
[WhiteElo "2441"]
[BlackElo "2117"]
[PlyCount "73"]
[EventDate "2012.08.02"]

1. e4 e6 2. d4 d5 3. Nd2 Nf6 4. e5 Nfd7 5. Bd3 c5 6. c3 Nc6 7. Ne2 Qb6 8. Nf3
cxd4 9. cxd4 f6 10. exf6 Nxf6 11. O-O Bd6 12. b3 O-O 13. Bb2 Bd7 14. Ng3 Bf4
15. Ne5 Be8 16. Nxc6 Qxc6 17. Ba3 Bd6 18. Rc1 Qd7 19. Bxd6 Qxd6 20. Qe2 Bc6 21.
Rfe1 Rae8 22. Nh5 g6 23. Nxf6+ Rxf6 24. g3 a6 25. f4 Rff8 26. Qe5 Qxe5 27. Rxe5
Kf7 28. Bxa6 Ra8 29. Bxb7 Bxb7 30. Rc7+ Kf6 31. Rxb7 Rxa2 32. Rb6 Re8 33. Rxd5
Rea8 34. Re5 Ra1+ 35. Kg2 R8a2+ 36. Kh3 Rh1 37. Rbxe6+ 1-0

[Event "Olomouc Chess Summer 2012 - Open Olomouc"]
[Site "Olomouc (CZE), Hotel Flora"]
[Date "2012.08.03"]
[Round "2.5"]
[White "Swiatloch, Tomasz"]
[Black "Narayanan, Srinath"]
[Result "0-1"]
[WhiteElo "2099"]
[BlackElo "2399"]
[PlyCount "56"]
[EventDate "2012.08.02"]

1. e4 c5 2. Nf3 d6 3. d4 cxd4 4. Nxd4 Nf6 5. Nc3 a6 6. Be2 e5 7. Nb3 Be7 8. O-O
O-O 9. Kh1 Nc6 10. f4 b5 11. a4 b4 12. Nd5 Nxe4 13. Bf3 f5 14. Nd2 Nxd2 15.
Nxe7+ Nxe7 16. Bxa8 Nxf1 17. Qxf1 Qc7 18. fxe5 dxe5 19. Bg5 Ng6 20. Bd5+ Kh8
21. Qf2 f4 22. Rc1 Bf5 23. h4 h6 24. h5 hxg5 25. hxg6 Bxg6 26. Qf3 Rf6 27. c4
Qc5 28. Re1 g4 0-1

[Event "Olomouc Chess Summer 2012 - Open Olomouc"]
[Site "Olomouc (CZE), Hotel Flora"]
[Date "2012.08.03"]
[Round "2.7"]
[White "Garcia Roman, Daniel"]
[Black "Medunova, Vera"]
[Result "1-0"]
[WhiteElo "2386"]
[BlackElo "2098"]
[PlyCount "87"]
[EventDate "2012.08.02"]

1. d4 Nf6 2. c4 c5 3. d5 b5 4. Nf3 d6 5. Qc2 g6 6. e4 Bg7 7. cxb5 a6 8. Nc3 O-O
9. a4 axb5 10. Bxb5 Ba6 11. O-O Bxb5 12. Nxb5 Na6 13. Bd2 Qb6 14. Bc3 Rfc8 15.
Qe2 Nc7 16. Nd2 Nxb5 17. Qxb5 Rcb8 18. Qxb6 Rxb6 19. a5 Rb5 20. Ra3 e6 21. dxe6
fxe6 22. e5 dxe5 23. Bxe5 Raxa5 24. Rfa1 Rxa3 25. bxa3 Nd7 26. Bxg7 Kxg7 27. a4
Rb2 28. Ne4 c4 29. a5 Rb7 30. a6 Ra7 31. Kf1 Nb6 32. Ke1 Nd5 33. Nc5 Kf6 34.
Rb1 Rc7 35. Rb5 Ke5 36. Kd2 Kd6 37. Nb7+ Kc6 38. a7 Rc8 39. Rc5+ Kxb7 40. Rxc8
Kxa7 41. Rxc4 Kb7 42. Re4 Nc7 43. Rf4 Kc6 44. Rf7 1-0

[Event "Olomouc Chess Summer 2012 - Open Olomouc"]
[Site "Olomouc (CZE), Hotel Flora"]
[Date "2012.08.03"]
[Round "2.8"]
[White "Dolezal, Radoslav"]
[Black "Lukaszek, Stanislaw"]
[Result "1-0"]
[WhiteElo "2374"]
[BlackElo "2081"]
[PlyCount "53"]
[EventDate "2012.08.02"]

1. d4 g6 2. e4 Bg7 3. c3 d6 4. f4 Nf6 5. e5 Nfd7 6. Nf3 O-O 7. Bc4 Nb6 8. Bb3
a5 9. a4 Na6 10. Na3 Bd7 11. O-O Qe8 12. Re1 d5 13. Nc2 e6 14. Ne3 c5 15. Bc2
cxd4 16. cxd4 Nb4 17. b3 Qe7 18. Ba3 Kh8 19. Qd2 Rg8 20. Rad1 Bf8 21. Bb1 Bc6
22. Ng5 h6 23. Nf3 Qd8 24. Ng4 Nd7 25. Bc1 h5 26. Ng5 Kg7 27. Nh6 1-0

[Event "Olomouc Chess Summer 2012 - Open Olomouc"]
[Site "Olomouc (CZE), Hotel Flora"]
[Date "2012.08.03"]
[Round "2.9"]
[White "Mulenko, Alexander"]
[Black "Gagarin, Vasilij"]
[Result "0-1"]
[WhiteElo "2082"]
[BlackElo "2372"]
[PlyCount "90"]
[EventDate "2012.08.02"]

1. g3 g6 2. Bg2 Bg7 3. Nf3 e5 4. O-O Nc6 5. d3 d6 6. Nbd2 f5 7. c3 Nf6 8. Qb3
Qe7 9. e4 fxe4 10. Nxe4 Nxe4 11. dxe4 Rb8 12. Bg5 Bf6 13. Bxf6 Qxf6 14. Nd2 Be6
15. Qc2 g5 16. f3 h5 17. Rf2 h4 18. g4 O-O 19. h3 Ne7 20. Bf1 Ng6 21. Bc4 Bxc4
22. Nxc4 Qf4 23. Qd2 b5 24. Qd5+ Kg7 25. Nd2 Qg3+ 26. Rg2 Qxh3 27. Rh2 Qg3+ 28.
Kh1 Rxf3 29. Nxf3 Qxf3+ 30. Kg1 Qxg4+ 31. Kh1 Qf3+ 32. Kg1 Qe3+ 33. Kh1 Qf3+
34. Kg1 Qe3+ 35. Kh1 Rf8 36. Qxb5 Qxe4+ 37. Kg1 Qe3+ 38. Kh1 Qe4+ 39. Kg1 Rf3
40. Qe2 Re3 41. Qf1 Nf4 42. Rd2 Rg3+ 43. Kh2 Rh3+ 44. Kg1 Qh1+ 45. Kf2 Rf3+ 0-1

[Event "Olomouc Chess Summer 2012 - Open Olomouc"]
[Site "Olomouc (CZE), Hotel Flora"]
[Date "2012.08.03"]
[Round "2.10"]
[White "Piscopo, Pierluigi"]
[Black "Galvanek, Ladislav"]
[Result "1-0"]
[WhiteElo "2364"]
[BlackElo "2046"]
[PlyCount "73"]
[EventDate "2012.08.02"]

1. e4 Nf6 2. e5 Nd5 3. d4 d6 4. c4 Nb6 5. f4 g6 6. Nc3 Bg7 7. Be3 Be6 8. Rc1
O-O 9. b3 c6 10. Nf3 Na6 11. Be2 Nc7 12. O-O Bg4 13. h3 Bxf3 14. Bxf3 d5 15. c5
Nc8 16. Be2 e6 17. Bd3 Ne7 18. g4 f5 19. exf6 Rxf6 20. Nb1 Qf8 21. Nd2 Rf7 22.
Qe1 Nb5 23. Nf3 Nc7 24. Qg3 Ne8 25. Ne5 Bxe5 26. fxe5 Nc7 27. Kg2 Qg7 28. Rxf7
Kxf7 29. Rf1+ Ke8 30. Qh4 Ng8 31. Qg5 Rd8 32. h4 Rd7 33. h5 gxh5 34. Qxh5+ Kd8
35. Bxh7 Nb5 36. Qg5+ Kc7 37. Bxg8 1-0

[Event "Olomouc Chess Summer 2012 - Open Olomouc"]
[Site "Olomouc (CZE), Hotel Flora"]
[Date "2012.08.03"]
[Round "2.11"]
[White "Jakl, Ales"]
[Black "Kireev, Aleksei"]
[Result "1/2-1/2"]
[WhiteElo "2048"]
[BlackElo "2345"]
[PlyCount "88"]
[EventDate "2012.08.02"]

1. Nf3 g6 2. g3 Bg7 3. Bg2 e5 4. e4 d6 5. d3 Nh6 6. c3 O-O 7. O-O Nd7 8. a4 a5
9. Na3 f6 10. Nc4 Nf7 11. b4 axb4 12. cxb4 b5 13. Na5 bxa4 14. Rxa4 Nb6 15. Ra3
Ba6 16. Qb3 Qd7 17. Be3 Rfb8 18. Qa2 Bb5 19. Rc1 Bf8 20. Ne1 Kg7 21. Qd2 Be7
22. d4 Bd8 23. d5 Nc8 24. Rac3 Ne7 25. Rb1 Ra6 26. Nc2 c6 27. dxc6 Nxc6 28.
Nxc6 Rxc6 29. Ra1 Rxc3 30. Qxc3 Ba4 31. Na3 Rc8 32. Qd2 Bc6 33. Nc2 Rb8 34. Ra7
Rb7 35. Rxb7 Qxb7 36. f3 Be7 37. Kf2 Qa8 38. Bf1 d5 39. exd5 Bxd5 40. Be2 Bb3
41. b5 Qa4 42. Qd7 Bd6 43. Ne1 Qa2 44. Qa7 Qxa7 1/2-1/2

[Event "Olomouc Chess Summer 2012 - Open Olomouc"]
[Site "Olomouc (CZE), Hotel Flora"]
[Date "2012.08.03"]
[Round "2.12"]
[White "Zednik, Josef"]
[Black "Ageichenko, Genadi A"]
[Result "1/2-1/2"]
[WhiteElo "2040"]
[BlackElo "2329"]
[PlyCount "85"]
[EventDate "2012.08.02"]

1. d4 Nf6 2. c4 g6 3. Nc3 d5 4. Bf4 Bg7 5. e3 c6 6. h3 O-O 7. Nf3 c5 8. Be2 Nc6
9. dxc5 Qa5 10. O-O dxc4 11. Qa4 Qxc5 12. Qxc4 Qf5 13. Rfd1 e5 14. g4 Qe6 15.
Qxe6 Bxe6 16. Nxe5 Rac8 17. Bf3 Na5 18. Rac1 b6 19. b3 h5 20. Nb5 hxg4 21. hxg4
Rxc1 22. Rxc1 Nd5 23. Bxd5 Bxd5 24. Nxa7 g5 25. Bg3 f6 26. Nec6 Nxc6 27. Nxc6
Bf3 28. Ne7+ Kh7 29. Rc8 Rf7 30. Rc7 Bxg4 31. Nd5 Rf8 32. Nxb6 Bf3 33. Rd7 Kg6
34. Nc4 Be4 35. Nd2 Ba8 36. f3 Rc8 37. Kf2 Rc2 38. a4 Bf8 39. Rd8 Bc6 40. Ke2
Bb4 41. Be1 Rb2 42. e4 Bxd2 43. Bxd2 1/2-1/2

[Event "Olomouc Chess Summer 2012 - Open Olomouc"]
[Site "Olomouc (CZE), Hotel Flora"]
[Date "2012.08.03"]
[Round "2.13"]
[White "Jasny, Stanislav"]
[Black "Ortoft, Kai"]
[Result "1-0"]
[WhiteElo "2308"]
[BlackElo "2039"]
[PlyCount "79"]
[EventDate "2012.08.02"]

1. e4 Nf6 2. e5 Nd5 3. d4 d6 4. c4 Nb6 5. exd6 cxd6 6. d5 N8d7 7. Nf3 g6 8. Be3
Bg7 9. Bd4 Nf6 10. Bd3 O-O 11. O-O Nbd7 12. Nc3 Nc5 13. Bc2 a5 14. h3 Bd7 15.
Re1 Re8 16. Qd2 b6 17. Rad1 Qc7 18. a4 Rad8 19. b3 e5 20. dxe6 fxe6 21. Be3 Bc6
22. Nd4 Bb7 23. Bh6 d5 24. Bxg7 Kxg7 25. cxd5 Nxd5 26. Nxd5 Bxd5 27. Qg5 Rf8
28. f3 Rf6 29. Nb5 Qb8 30. Rd4 h6 31. Qe5 Qxe5 32. Rxe5 Rdf8 33. Nc7 Nxb3 34.
Rdxd5 exd5 35. Bxb3 Kh8 36. Nxd5 Rd6 37. Re7 Rb8 38. Nf4 b5 39. axb5 Rxb5 40.
Be6 1-0

[Event "Olomouc Chess Summer 2012 - Open Olomouc"]
[Site "Olomouc (CZE), Hotel Flora"]
[Date "2012.08.03"]
[Round "2.14"]
[White "Voegerl, Ronald"]
[Black "Gagare, Shardul"]
[Result "0-1"]
[WhiteElo "2034"]
[BlackElo "2287"]
[PlyCount "74"]
[EventDate "2012.08.02"]

1. d4 d5 2. c4 dxc4 3. Nf3 Nf6 4. g3 c5 5. Bg2 Nc6 6. O-O cxd4 7. Qa4 Nd7 8.
Qxc4 Nb6 9. Qb5 a6 10. Qd3 g6 11. e3 Bf5 12. Qb3 Be6 13. Qd1 dxe3 14. Bxe3 Qxd1
15. Rxd1 Nc4 16. Nd4 Nxe3 17. fxe3 Nxd4 18. Rxd4 Bg7 19. Rb4 Rc8 20. Nc3 Rxc3
21. bxc3 Bxc3 22. Rab1 Bxb4 23. Rxb4 b5 24. Bb7 Bxa2 25. Bxa6 O-O 26. Rxb5 Rd8
27. Rb2 Rd1+ 28. Kf2 Rh1 29. Kg2 Bd5+ 30. Kh3 Rg1 31. Bb7 Be6+ 32. Kh4 Kg7 33.
Rg2 Re1 34. e4 h5 35. Kg5 f6+ 36. Kf4 Bg4 37. h4 e5# 0-1

[Event "Olomouc Chess Summer 2012 - Open seniorù"]
[Site "Olomouc (CZE), Hotel Flora"]
[Date "2012.08.03"]
[Round "3.1"]
[White "Prachar, Josef"]
[Black "Vorobyov, Yrij"]
[Result "0-1"]
[WhiteElo "1950"]
[BlackElo "2254"]
[PlyCount "62"]
[EventDate "2012.08.01"]

1. d4 d5 2. Nf3 Bf5 3. e3 e6 4. Bd3 Bg6 5. O-O Nf6 6. b3 c5 7. Bb2 Nc6 8. a3
Qc7 9. Ne5 Nxe5 10. dxe5 Nd7 11. Bb5 a6 12. Bxd7+ Qxd7 13. c4 dxc4 14. Qxd7+
Kxd7 15. bxc4 Kc6 16. Rd1 Bc2 17. Rc1 Rd8 18. Nc3 Rd2 19. Nb1 Rd7 20. Kf1 Bd3+
21. Ke1 b5 22. cxb5+ axb5 23. Nd2 Be7 24. Nb3 Kb6 25. Bc3 Ra8 26. Nd2 Rda7 27.
Bb2 Ra4 28. Nb3 c4 29. Bd4+ Kc6 30. Bb2 Bxa3 31. Rxa3 Rxa3 0-1

[Event "Olomouc Chess Summer 2012 - Open seniorù"]
[Site "Olomouc (CZE), Hotel Flora"]
[Date "2012.08.03"]
[Round "3.2"]
[White "Travnicek, Petr"]
[Black "Fiala, Jiri"]
[Result "1/2-1/2"]
[WhiteElo "2169"]
[BlackElo "2006"]
[PlyCount "49"]
[EventDate "2012.08.01"]

1. e4 c5 2. Nc3 Nc6 3. g3 g6 4. Bg2 Bg7 5. Nge2 d6 6. d3 Rb8 7. Be3 e5 8. Qd2
Nd4 9. O-O Be6 10. Nd5 h6 11. c3 Nxe2+ 12. Qxe2 Ne7 13. f4 b6 14. Nxe7 Qxe7 15.
f5 Bd7 16. fxg6 fxg6 17. Rf2 Rf8 18. Raf1 Rxf2 19. Rxf2 Be6 20. Qd2 Kd7 21.
Bxh6 Rf8 22. Bxg7 Rxf2 23. Qxf2 Qxg7 24. Qc2 Kc7 25. b4 1/2-1/2